Loading...
| Fine Arts - Visual Fine Arts | 1 | 1 | 0 | 0 | 25 | 43 | 62.50 | 2 | 2 |
| Philosophy | 0 | 3 | 1 | 1 | 25 | 100 | 112.00 | 0 | 3 |
| Fine Arts - Other Fine Arts | 1 | 0 | 0 | 0 | 15 | 67 | 67.00 | 1 | 1 |
| Social Science | 1 | 0 | 1 | 0 | 10 | 79 | 79.00 | 1 | 1 |
| History - European History | 0 | 1 | 0 | 0 | 10 | 90 | 90.00 | 0 | 1 |
| Religion | 0 | 1 | 0 | 1 | 10 | 131 | 131.00 | 0 | 1 |
| Science - Biology | 0 | 1 | 0 | 0 | 10 | 76 | 76.00 | 1 | 1 |
| Science - Other Science | 0 | 1 | 0 | 1 | 10 | 81 | 81.00 | 1 | 1 |
| Literature - European Literature | 0 | 1 | 0 | 1 | 10 | 138 | 138.00 | 0 | 1 |
| Mythology | 0 | 1 | 0 | 0 | 10 | 92 | 92.00 | 0 | 1 |
| Fine Arts - Auditory Fine Arts | 0 | 1 | 1 | 0 | 5 | 126 | 126.00 | 0 | 1 |
| Current Events | 0 | 0 | 0 | 0 | 0 | 0.00 | 0 | 0 | |
| Literature - American Literature | 0 | 0 | 1 | 0 | -5 | 0.00 | 0 | 0 |